000 00365nam a2200157Ia 4500
005 20241217025536.0
008 240331s9999 xx 000 0 und d
020 _a9555992401
082 _bWIJ
_a823
100 _aWijenaike, P
245 4 _aThe unbending
260 _aRatmalana
_bVishva lekha
_c2001
300 _a129 p .,
650 _aShort Stories
942 _cL
999 _c4356
_d4356